Statius

Αποθηκεύτηκε σε:
Λεπτομέρειες βιβλιογραφικής εγγραφής
Κύριος συγγραφέας: Statius, P. Papinius (Publius Papinius)
Άλλοι συγγραφείς: Mozley, J. H. (John Henry) (Μεταφραστής)
Μορφή: Βιβλίο
Γλώσσα:English
Latin
Δημοσίευση: Cambridge, Mass.; : London : Harvard University Press, Heinemann, 1969-1989
Σειρά:Loeb classical library ; ; 206-207
Θέματα:
Ετικέτες: Προσθήκη ετικέτας
Δεν υπάρχουν, Καταχωρήστε ετικέτα πρώτοι!

MARC

LEADER 00000nam a2200000 i 4500
001 1/20898
008 960708m19691982 eng d
020 |a 0-674-99226-1 (τ.1) 
035 |l 10021628 
040 |a GR-MY-UA  |b gre  |e aacr 
041 0 |a eng  |a lat 
082 0 |a 873.01  |2 (22) 
100 1 |a Statius, P. Papinius  |q (Publius Papinius) 
245 1 0 |a Statius /  |c Statius, P. Papinius ; μετάφραση: J.H. Mozley 
260 |a Cambridge, Mass.; :   |a London :   |b Harvard University Press,   |b Heinemann,   |c 1969-1989 
300 |a 2τ. (572;596 σ.);  |c 17 εκ. 
490 1 |a Loeb classical library  |v ; 206-207 
504 |a Περιλαμβάνει βιβλιογραφικές αναφορές 
505 0 |a τ.1:Silvae;Thebaid I-IV.--τ.2: Thebaid V-XII; Achilleid 
600 1 0 |a Statius, P. Papinius  |q (Publius Papinius). 
600 1 0 |a Eteocles (Greek mythology) -- Poetry. 
650 0 0 |a Seven against Thebes (Greek mythology)  |x Poetry. 
650 0 0 |a Occasional verse, Latin  |x Translations into English. 
651 0 |a Thebes (Greece)  |x Poetry. 
700 1 |a Mozley, J. H.  |q (John Henry)  |4 trl 
740 0 2 |a Silvae; Thebaid I-IV 
740 0 2 |a Thebaid V-XII; Achilleid 
830 0 |a Loeb classical library ;  |v ; 206-207 
852 |a INST  |b CHIOS  |e 19960708  |h 873.01 STA  |p 005200007363  |q 005200007363  |t BK  |y 0  |z τ.2 
852 |a INST  |b CHIOS  |e 19960708  |h 873.01 STA  |p 005200007364  |q 005200007364  |t BK  |y 0  |z τ.1 
852 |a INST  |b CHIOS  |e 19960708  |h 873.01 STA  |p 005200007363  |q 005200007363  |t BK  |v τ.2:  |y 0  |z τ.2 
852 |a INST  |b CHIOS  |e 19960708  |h 873.01 STA  |p 005200007364  |q 005200007364  |t BK  |v τ.1:  |y 0  |z τ.1 
853 |a INST  |b CHIOS  |h 873.01 STA 
909 |a Χ  |b 031800 
909 |a Χ  |b 031966 
922 |a 2ΕΛΗ  |b 199311  |c ΦΡΑΓΚΟΜΙΧΑΛΟΣ  |d LEADER BOOKS